Score 0/50 Timer 16:00
3 Plays Today
Series Next Item % Correct
Mars, Jupiter, Saturn, ...Uranus
70.1%
boron, carbon, nitrogen, ...oxygen
61.1%
Florida, Georgia, Hawaii, ...Idaho
48.7%
McKinley, Roosevelt, Taft, ...Wilson
45.3%
anger, bargaining, depression, ...acceptance
45.1%
pipers, lords, ladies, ...maids
41.1%
peta, tera, giga, ...mega
40.9%
diamond, emerald, pearl, ...ruby
38%
phylum, class, order, ...family
35.4%
Patriots, Steelers, Colts, ...Giants
35.4%
marzo, abril, mayo, ...junio
35.1%
ox, tiger, rabbit, ...dragon
34.9%
Los Angeles, Seoul, Barcelona, ...Atlanta
33.8%
Cancer, Leo, Virgo, ...Libra
31.5%
Memorial, Independence, Labor, ...Columbus
29.9%
deer, sun, myself, ...run
28.7%
Fire, Phoenix, Prince, ...Hallows
26.6%
Venusaur, Charmander, Charmeleon, ...Charizard
26.4%
lundi, mardi, mercredi, ...jeudi
26.4%
Italy, Argentina, West Germany, ...Brazil
25.8%
zeta, eta, theta, ...iota
25.1%
Short Line, Chance, Park Place, ...Luxury Tax
23.6%
private first class, specialist, corporal, ...sergeant
23%
William IV, Victoria, Edward VII, ...George V
22.8%
Lincoln, Hamilton, Jackson, ...Grant
22.5%
Series Next Item % Correct
drei, vier, fünf, ...sechs
21.6%
Numbers, Deuteronomy, Joshua, ...Judges
20.1%
The Beatles, Yellow Submarine, Abbey Road, ...Let It Be
16.7%
Romeo, Sierra, tango, ...uniform
15.4%
boils, hail, locusts, ...darkness
13.3%
mockingbird, diamond ring, looking glass, ...billy goat
12.2%
Entertainment, History, Arts & Literature, ...Science & Nature
10.6%
Moonraker, For Your Eyes Only, Octopussy, ...A View to a Kill
10.2%
McCoy, McGann, Eccleston, ...Tennant
9.8%
Yunus, Gore, Ahtisaari, ...Obama
9.4%
Caper, Take Manhattan, Christmas Carol, ...Treasure Island
8.9%
Wilding, Todd, Fisher, ...Burton
7.5%
Dent, Merrill, Showalter, ...Torre
7.5%
Kidman, Theron, Swank, ...Witherspoon
6.9%
Spike, the mayor, Adam, ...Glorificus
6.3%
Justice, Interior, Agriculture, ...Commerce
6.3%
Stan, Roy, Gus, ...Lee
5.4%
apatite, orthoclase, quartz, ...topaz
4.9%
Thant, Waldheim, Pérez de Cuéllar, ...Boutros-Ghali
3.1%
Combs, Anderson, Karn, ...O'Hurley
2.3%
Pye, Southey, Wordsworth, ...Tennyson
2%
Lawless, Malice, Noose, ...Outlaw
1.7%
Evanescence, Maroon 5, John Legend, ...Carrie Underwood
1.4%
Neville, Olive, Prue, ...Quentin
1.4%
Brian, Jenna, Sandra, ...Amber
1.1%
Remove Ads.
Support Sporcle.
Get the best of Sporcle when you Go Orange. This ad-free experience offers more features, more stats, and more fun while also helping to support Sporcle. Thank you for becoming a member.

You're not logged in!

Compare scores with friends on all Sporcle quizzes.
OR
Log In

Sporcle TV

Today on Sporcle TV


Watch our educational content, quiz creation guides, and fun videos on Sporcle TV.

Show Comments

Extras

Top Quizzes Today


Score Distribution

Paid Content

Your Account Isn't Verified!

In order to create a playlist on Sporcle, you need to verify the email address you used during registration. Go to your Sporcle Settings to finish the process.

Report this User

Report this user for behavior that violates our Community Guidelines.

Details: